Les Ballons d'Or ayant joué en Premier League - Mort Subite - Statistiques

Statistiques générales
  • Ce quiz a été pris 449 fois
  • Le résultat moyen est 6 sur 12
Answers on the Grid
Answers color-coded by a green-red scale on the quiz's grid according to % correct below.
Stanley Matthews
Alfredo Di Stefano
Raymond Kopa
Luis Suarez
Omar Sivori
Josef Masopust
Lev Yachine
Denis Law
Eusébio
Bobby Charlton
Florian Albert
George Best
Gianni Rivera
Gerd Müller
Johan Cruyff
Franz Beckenbauer
Oleg Blockhine
Allan Simonsen
Kevin Keegan
Karl-Heinz Rummenigge
Paolo Rossi
Michel Platini
Igor Belanov
Ruud Gullit
Marco Van Basten
Lothar Matthäus
Jean-Pierre Papin
Roberto Baggio
Hristo Stoitchkov
George Weah
Matthias Sammer
Ronaldo
Zinédine Zidane
Rivaldo
Luis Figo
Michael Owen
Pavel Nedved
Andriy Shevchenko
Ronaldinho
Fabio Cannavaro
Kaka
Cristiano Ronaldo
Lionel Messi
Luka Modric
Karim Benzema
Rodri
 
Statistiques - réponses
Réponse % Correct
Rodri
72%
Cristiano Ronaldo
70%
Bobby Charlton
65%
George Best
65%
Michael Owen
65%
Stanley Matthews
55%
Andriy Shevchenko
52%
Luka Modric
51%
Kevin Keegan
40%
Denis Law
37%
George Weah
23%
Ruud Gullit
22%
Aucun quiz correspondant
Distribution des résultats
% des personnes avec chaque résultat
Percentile par nombre de réponses
Votre historique - résultats
Vous n’avez pas pris ce quiz